000 00650nam a22001937a 4500
005 20240212154246.0
010 _aENG-139212
020 _c745.00
_a9789356061842
035 _aEN-122744
037 _bDBAD/PUB
082 _a574
100 _aVijay,Rajiv
_961966
245 _aObjective Biology NEET/
_cRajiv Vijay:
_bNational Eligibility Cum Entrance Test
250 _aTwelfth Edition
260 _aUttar Pradesh
_bPearson india Education Services Pvt.Ltd
_c2022
270 _a15th floor ,Tower -B,World Trade Tower ,PlotNo.1 ,Block C ,SEctor 16
_bNoida
_e201301
300 _a950p.
_c25cm(pb)
942 _2ddc
_cEN
_mVIJ
_h574
999 _c200689
_d200689